| 000 | 00433nam a2200181Ia 4500 | ||
|---|---|---|---|
| 008 | 221030s9999 xx 000 0 und d | ||
| 020 | _a8185749531 | ||
| 041 | _aEnglish | ||
| 082 |
_a105.23 _bGup |
||
| 100 | _aB. R. Gupta | ||
| 245 | 0 |
_aPower Electronics _cby B. R. Gupta, V. Singhal |
|
| 250 | _a5th | ||
| 260 |
_bS.K Kataria & Sons _aNew Delhi _c2006 |
||
| 300 | _a593 | ||
| 650 | _aECE | ||
| 700 | _aV. Singhal | ||
| 942 | _cBK | ||
| 999 |
_c3398 _d3398 |
||